Chispa y sus experimentos : (Record no. 7632)
[ view plain ]
| 000 -CABECERA | |
|---|---|
| campo de control de longitud fija | 00754nam a2200217 a 4500 |
| 005 - FECHA Y HORA DE LA ÚLTIMA TRANSACCIÓN | |
| campo de control | 20220519135440.0 |
| 008 - ELEMENTOS DE LONGITUD FIJA--INFORMACIÓN GENERAL | |
| campo de control de longitud fija | 991125s1985 mx 000 0 spa u |
| 035 ## - NÚMERO DE CONTROL DEL SISTEMA | |
| Número de control de sistema | UPN01000007632 |
| 049 ## - COLECCIÓN | |
| Colección | AV |
| 050 #4 - SIGNATURA TOPOGRÁFICA DE LA BIBLIOTECA DEL CONGRESO | |
| Número de clasificación | OLA 1 no.23 |
| 100 1# - ASIENTO PRINCIPAL--NOMBRE PERSONAL | |
| Nombre de persona | Sayavedra Soto, Roberto |
| 9 (RLIN) | 29971 |
| 245 10 - MENCIÓN DE TÍTULO | |
| Título | Chispa y sus experimentos : |
| Resto del título | el bote obediente / |
| Mención de responsabilidad, etc. | por Roberto Sayavedra ; il. Gabriel Cortázar Calles. |
| 260 ## - PUBLICACIÓN, DISTRIBUCIÓN, ETC. | |
| Lugar de publicación, distribución, etc. | México : |
| Nombre del editor, distribuidor, etc. | Chispa, |
| Fecha de publicación, distribución, etc. | 1985. |
| 300 ## - DESCRIPCIÓN FÍSICA | |
| Extensión | 1 lámina: |
| Otras características físicas | col. ; 42x28 c |
| 440 #0 - MENCIÓN DE SERIE/ASIENTO SECUNDARIO--TÍTULO | |
| Título | Tío bolita y sus ayudantes; |
| Designación de volumen o secuencia | 23 |
| 501 ## - NOTA DE "CON" | |
| Nota de “Con” | Con: 1 maletín de experimentos. -- Localizable en AV/RME/1 |
| 500 ## - NOTA GENERAL | |
| Nota general | Material ubicado en la sala infantil |
| 650 #4 - ASIENTO SECUNDARIO DE MATERIA - TERMINO TEMATICO | |
| Término de materia o nombre geográfico como elemento de entrada | FISICA - |
| Subdivisión general | EXPERIMENTOS |
| 9 (RLIN) | 17544 |
| 650 #2 - ASIENTO SECUNDARIO DE MATERIA - TERMINO TEMATICO | |
| Término de materia o nombre geográfico como elemento de entrada | Fuentes de energía |
| 9 (RLIN) | 16071 |
| 905 ## - TIPO DE MATERIAL | |
| Tipo de material | Libro |
| Estado de retiro | Estado de pérdida | Fuente del sistema de clasificación o colocación | Estado dañado | No para préstamo | Código de colección | Localización permanente | Ubicación/localización actual | Ubicación en estantería | Total de préstamos | Clasificación | Código de barras | Fecha visto por última vez | Número de copia | Tipo de ítem Koha |
|---|---|---|---|---|---|---|---|---|---|---|---|---|---|---|
| Library of Congress Classification | Audiovisuales | Bib. Gregorio Torres Quintero | Bib. Gregorio Torres Quintero | Audiovisual | OLA 1 no.23 | 012L | 31/12/2020 | 1 | Libro | |||||
| Library of Congress Classification | Audiovisuales | Bib. Gregorio Torres Quintero | Bib. Gregorio Torres Quintero | Audiovisual | OLA 1 no.23 | 024L | 31/12/2020 | 1 | Libro | |||||
| Library of Congress Classification | Audiovisuales | Bib. Gregorio Torres Quintero | Bib. Gregorio Torres Quintero | Audiovisual | OLA 1 no.23 | 036L | 31/12/2020 | 1 | Libro | |||||
| Library of Congress Classification | Audiovisuales | Bib. Gregorio Torres Quintero | Bib. Gregorio Torres Quintero | Audiovisual | OLA 1 no.23 | 048L | 31/12/2020 | 1 | Libro |
